00402nam a2200145Ia 4500008004100000020001800041041000800059082001500067100002400082245009000106250001200196260003200208300000800240365000800248231011s2021 xx 000 0 und d a9789350000000 aeng a510.76/ZAH aKathy A. Zahler, MS aMcGraw-Hill Education Conquering GRE Verbal Reasoning and Analytical Writing, 2nd Ed. a2nd Ed. aChennaibMC GRAW HILLc2021 a229 b799